The theory of capitalist development principles of Marxian Political economy.// (Record no. 111232)

MARC details
000 -LEADER
fixed length control field 00490nam a22001697a 4500
003 - CONTROL NUMBER IDENTIFIER
control field BD-ChCU
005 - DATE AND TIME OF LATEST TRANSACTION
control field 20260125100438.0
008 - FIXED-LENGTH DATA ELEMENTS--GENERAL INFORMATION
fixed length control field 260125b bg ||||| |||| 00| 0 ben d
040 ## - CATALOGING SOURCE
Transcribing agency BD-ChCU
082 ## - DEWEY DECIMAL CLASSIFICATION NUMBER
Classification number 330.1 SWT
100 ## - MAIN ENTRY--PERSONAL NAME
Personal name Sweezy, Paul M.
9 (RLIN) 19598
245 ## - TITLE STATEMENT
Title The theory of capitalist development principles of Marxian Political economy.//
Statement of responsibility, etc. Sweezy, Paul M.
260 ## - PUBLICATION, DISTRIBUTION, ETC.
Place of publication, distribution, etc. New York
Name of publisher, distributor, etc. O. U. P.
Date of publication, distribution, etc. 1946
300 ## - PHYSICAL DESCRIPTION
Extent xxvi, 398p
650 #0 - SUBJECT ADDED ENTRY--TOPICAL TERM
Topical term or geographic name entry element Economics.
9 (RLIN) 19599
942 ## - ADDED ENTRY ELEMENTS (KOHA)
Source of classification or shelving scheme Dewey Decimal Classification
Koha item type Books
Suppress in OPAC No
Holdings
Withdrawn status Lost status Source of classification or shelving scheme Damaged status Not for loan Home library Current library Shelving location Date acquired Source of acquisition Total Checkouts Full call number Barcode Date last seen Copy number Price effective from Koha item type
    Dewey Decimal Classification     Chittagong University Library Chittagong University Library Business and Social Science Reading Room 25/01/2026 Purchase   330.1 SWT 14393 25/01/2026 C-1 25/01/2026 Books
    Dewey Decimal Classification     Chittagong University Library Chittagong University Library Business and Social Science Reading Room 25/01/2026 Purchase   330.1 SWT 150923 25/01/2026 C-2 25/01/2026 Books
    Dewey Decimal Classification     Chittagong University Library Chittagong University Library Business and Social Science Reading Room 25/01/2026 Purchase   330.1 SWT 150924 25/01/2026 C-3 25/01/2026 Books
© Copyright 2026. Chittagong University Library, Installation and Maintenance by Prof. Dr. Md. Alamgir, 01711306253